[Event "BL 9192 Buna Halle-Bochum"]
[Site "?"]
[Date "1992.??.??"]
[Round "?.7"]
[White "Von Gleich, A."]
[Black "Csulits, A."]
[Result "1-0"]
[WhiteElo "2325"]
[BlackElo "2325"]
[PlyCount "83"]
[EventDate "1992.??.??"]

1. Nf3 Nf6 2. c4 e6 3. g3 b6 4. Bg2 Bb7 5. O-O Be7 6. d4 O-O 7. d5 exd5 8. Nh4
c6 9. cxd5 Nxd5 10. Nf5 Nf6 11. e4 d5 12. Nc3 dxe4 13. Bf4 Nd5 14. Bh6 Nxc3 15.
Qg4 g6 16. bxc3 Bc8 17. Nxe7+ Qxe7 18. Bxf8 Qxf8 19. Qxe4 Bb7 20. Rad1 Na6 21.
Qh4 Nc5 22. Rd2 Ne6 23. Rfd1 Re8 24. Rd7 Nc5 25. Rd8 Ne6 26. Rxe8 Qxe8 27. Qf6
Ba6 28. h4 h5 29. Qe5 Bc4 30. a3 c5 31. Bh3 Qa4 32. Rd6 Qe8 33. Qe4 b5 34. Qe5
Kh7 35. f4 Qa8 36. f5 gxf5 37. Qxf5+ Kg8 38. Qxh5 Qe4 39. Qg4+ Qxg4 40. Bxg4 a5
41. Bxe6 Bxe6 42. Ra6 1-0

[Event "BL 9192 Buna Halle-Bochum"]
[Site "?"]
[Date "1992.??.??"]
[Round "?.8"]
[White "Becker, Mi"]
[Black "Illner, A."]
[Result "1/2-1/2"]
[WhiteElo "2310"]
[BlackElo "2350"]
[PlyCount "65"]
[EventDate "1992.??.??"]

1. e4 c5 2. Nf3 Nc6 3. Nc3 e5 4. Bc4 Be7 5. O-O Nf6 6. Nd5 d6 7. Re1 O-O 8. c3
Be6 9. d4 cxd4 10. cxd4 Bg4 11. dxe5 dxe5 12. h3 Bxf3 13. Qxf3 Nd4 14. Qd3 Rc8
15. Be3 Nxd5 16. exd5 Bf6 17. Bxd4 exd4 18. Re4 Qd6 19. Rae1 g6 20. Bb3 Kg7 21.
g3 Rc7 22. h4 h5 23. Kg2 a6 24. Qf3 Re7 25. Rxe7 Bxe7 26. Qe4 Bf6 27. Rc1 Rd8
28. Qc2 Rd7 29. Qd3 Re7 30. Rc8 Qe5 31. Qf3 Rc7 32. Rxc7 Qxc7 33. Qe4 1/2-1/2

[Event "BL 9192 Bielefeld-Buna Halle"]
[Site "?"]
[Date "1992.??.??"]
[Round "?.1"]
[White "Malich, B."]
[Black "Piskov, Y."]
[Result "1/2-1/2"]
[WhiteElo "2435"]
[BlackElo "2500"]
[PlyCount "24"]
[EventDate "1992.??.??"]

1. Nf3 d5 2. d4 Nf6 3. c4 e6 4. Bg5 Bb4+ 5. Nc3 Nbd7 6. cxd5 exd5 7. Rc1 h6 8.
Bxf6 Bxc3+ 9. Rxc3 Nxf6 10. Qa4+ c6 11. Qa3 Ne4 12. Rc1 Nd6 1/2-1/2

[Event "BL 9192 Bielefeld-Buna Halle"]
[Site "?"]
[Date "1992.??.??"]
[Round "?.2"]
[White "Panzer, P."]
[Black "Lechtinsky, J."]
[Result "1/2-1/2"]
[WhiteElo "2355"]
[BlackElo "2410"]
[PlyCount "129"]
[EventDate "1992.??.??"]

1. d4 Nf6 2. c4 e6 3. Nc3 Bb4 4. Qc2 c5 5. dxc5 Qc7 6. a3 Bxc5 7. Nf3 a6 8. Bg5
Be7 9. e4 d6 10. Be2 Nbd7 11. O-O O-O 12. Rac1 b6 13. b4 Bb7 14. Rfd1 Rac8 15.
Qb1 Qb8 16. Nd2 Rfe8 17. Be3 d5 18. cxd5 exd5 19. exd5 Bd6 20. h3 Be5 21. Nde4
Nxe4 22. Nxe4 Rxc1 23. Bxc1 b5 24. Bf3 Nb6 25. Nc5 Bc8 26. Bb2 Nc4 27. Bxe5
Qxe5 28. Qb3 Bf5 29. a4 h5 30. a5 Qf4 31. Bxh5 Qg5 32. Bg4 Bxg4 33. hxg4 Qxg4
34. Qf3 Qg5 35. Nxa6 Ne5 36. Qg3 Ng4 37. Nc7 Re4 38. d6 Rd4 39. Rc1 Qd2 40. Rf1
Qxb4 41. f3 Rxd6 42. fxg4 Qc5+ 43. Qf2 Qxc7 44. Qf4 Qc5+ 45. Kh2 Rh6+ 46. Kg3
Qc3+ 47. Qf3 Qe5+ 48. Qf4 Qxf4+ 49. Rxf4 Ra6 50. g5 Rxa5 51. Rf5 Ra3+ 52. Kg4
Ra4+ 53. Kg3 Rb4 54. Kf3 Rb1 55. Kg4 Rb4+ 56. Kg3 Rb2 57. Kf3 b4 58. Rb5 Kh7
59. g3 b3 60. Rb6 Rb1 61. g6+ fxg6 62. Kg4 Kh6 63. Rb8 g5 64. Rb6+ g6 65. Rb8
1/2-1/2

[Event "BL 9192 Bielefeld-Buna Halle"]
[Site "?"]
[Date "1992.??.??"]
[Round "?.3"]
[White "Schoeneberg, M."]
[Black "Kassebaum, R."]
[Result "1/2-1/2"]
[WhiteElo "2335"]
[BlackElo "2410"]
[PlyCount "86"]
[EventDate "1992.??.??"]

1. e4 c5 2. Nf3 e6 3. b3 d6 4. Bb2 Nf6 5. Nc3 Be7 6. d4 cxd4 7. Qxd4 O-O 8. Be2
Nc6 9. Qd2 a6 10. a4 b6 11. Nd4 Bb7 12. f4 Qc7 13. Bf3 Nxd4 14. Qxd4 Rac8 15.
O-O-O Rfd8 16. Kb1 Qc5 17. Qxc5 Rxc5 18. e5 Bxf3 19. gxf3 dxe5 20. Rxd8+ Bxd8
21. Rd1 Bc7 22. fxe5 Nd5 23. Ne4 Rc6 24. c4 Nf4 25. Rd7 Ng6 26. Nd6 h6 27. Nxf7
Nf8 28. Re7 Ng6 29. Rd7 Nf8 30. Nd8 Rc5 31. Rd1 Bxe5 32. b4 Rxc4 33. Bxe5 Rxb4+
34. Kc2 Rxa4 35. Kb3 Ra5 36. f4 Ng6 37. Nxe6 Nxe5 38. fxe5 Rxe5 39. Nc7 a5 40.
Ka4 Re2 41. Nd5 Ra2+ 42. Kb3 Rxh2 43. Nxb6 Kh7 1/2-1/2

[Event "BL 9192 Bielefeld-Buna Halle"]
[Site "?"]
[Date "1992.??.??"]
[Round "?.4"]
[White "Geveke, M."]
[Black "Trapl, J."]
[Result "1-0"]
[WhiteElo "2330"]
[BlackElo "2385"]
[PlyCount "87"]
[EventDate "1992.??.??"]

1. Nf3 Nf6 2. g3 g6 3. Bg2 Bg7 4. c4 O-O 5. Nc3 d6 6. O-O e5 7. d4 exd4 8. Nxd4
a6 9. h3 Nc6 10. Nxc6 bxc6 11. Qa4 Rb8 12. c5 dxc5 13. Qxc6 Nd7 14. Rd1 Rb6 15.
Qa4 Rd6 16. Bf4 Nb6 17. Qc2 Rd4 18. e3 Bf5 19. e4 Be6 20. Be3 Rxd1+ 21. Rxd1
Qe7 22. Nd5 Bxd5 23. Bxc5 Bxe4 24. Bxe4 Qe5 25. Bxf8 Bxf8 26. Bc6 Bd6 27. b3 h5
28. h4 Nc8 29. Qe4 Qxe4 30. Bxe4 Ne7 31. Kf1 Kg7 32. Ke2 f5 33. Bb7 f4 34. Bxa6
fxg3 35. Rxd6 cxd6 36. fxg3 Kf6 37. Bd3 Ke5 38. b4 Nd5 39. Bxg6 Nc3+ 40. Kd3
Nxa2 41. Kc4 d5+ 42. Kc5 Nc3 43. b5 Kf6 44. Bc2 1-0

[Event "BL 9192 Bielefeld-Buna Halle"]
[Site "?"]
[Date "1992.??.??"]
[Round "?.6"]
[White "Meier, V."]
[Black "Dietze, W."]
[Result "0-1"]
[WhiteElo "2295"]
[BlackElo "2290"]
[PlyCount "134"]
[EventDate "1992.??.??"]

1. e4 c5 2. Nf3 e6 3. d4 cxd4 4. Nxd4 Nf6 5. Nc3 d6 6. g4 Nc6 7. g5 Nd7 8. Be3
Nde5 9. Nb3 Na5 10. Nxa5 Qxa5 11. f4 Nc6 12. Qd2 Be7 13. O-O-O O-O 14. h4 Rb8
15. Bc4 b5 16. Bb3 b4 17. Ne2 Qb5 18. Nd4 Nxd4 19. Qxd4 a5 20. Bc4 Qc5 21. Qd3
Qc6 22. Rhe1 Bb7 23. Bd4 Rfc8 24. Bb5 Qc7 25. Ba4 Bc6 26. Bxc6 Qxc6 27. Kb1 a4
28. Rc1 d5 29. e5 Qc4 30. Qe3 Bc5 31. Red1 Qb5 32. h5 Bxd4 33. Rxd4 Rc3 34. Qf2
b3 35. cxb3 Rxc1+ 36. Kxc1 axb3 37. axb3 Rc8+ 38. Kb1 Qxb3 39. Qd2 Qh3 40. Ra4
Qxh5 41. Ka2 h6 42. gxh6 Qxh6 43. b3 Qg6 44. Kb2 Qg3 45. Qd4 Qg2+ 46. Ka3 Qc2
47. Ra5 Rb8 48. b4 g6 49. Rc5 Qe2 50. Kb3 Kg7 51. Rc2 Qf1 52. Rf2 Qb1+ 53. Rb2
Qe1 54. Rc2 Ra8 55. b5 Qa5 56. Qb4 Qa1 57. Qc5 Qb1+ 58. Kc3 Ra4 59. Kd2 Qf1 60.
f5 Qf4+ 61. Kd3 Qxf5+ 62. Kd2 Qf4+ 63. Kd3 Ra3+ 64. Ke2 Qxe5+ 65. Kd2 Qf4+ 66.
Ke2 Qf3+ 67. Ke1 Rd3 0-1

[Event "BL 9192 Bielefeld-Buna Halle"]
[Site "?"]
[Date "1992.??.??"]
[Round "?.7"]
[White "Csulits, A."]
[Black "Beilfuss, W."]
[Result "1/2-1/2"]
[WhiteElo "2325"]
[BlackElo "2220"]
[PlyCount "80"]
[EventDate "1992.??.??"]

1. d4 Nf6 2. Nf3 e6 3. g3 b5 4. Bg2 Bb7 5. O-O c5 6. b3 Be7 7. Bb2 O-O 8. Na3
b4 9. Nc4 cxd4 10. Qxd4 Bd5 11. Ne3 Bb7 12. Rfd1 Nc6 13. Qd3 h6 14. Nd4 Qc8 15.
Rac1 Nxd4 16. Bxd4 Bxg2 17. Nxg2 d5 18. c4 dxc4 19. Rxc4 Qa6 20. Rc7 Qxd3 21.
Rxd3 Nd5 22. Rb7 Rfb8 23. Rxb8+ Rxb8 24. e4 Nf6 25. Bxf6 Bxf6 26. Ne3 Rb7 27.
Nc4 Kf8 28. Kg2 Be7 29. f4 Ke8 30. Kf3 Rc7 31. e5 h5 32. h3 g6 33. Ke4 a5 34.
Nxa5 Rc2 35. Nb7 Rxa2 36. Kd4 Rc2 37. Na5 Bc5+ 38. Ke4 Re2+ 39. Kf3 Rf2+ 40.
Ke4 Re2+ 1/2-1/2

[Event "BL 9192 Bochum-Empor Berlin"]
[Site "?"]
[Date "1992.??.??"]
[Round "?.1"]
[White "Dautov, R."]
[Black "Dokhoian, Y."]
[Result "1/2-1/2"]
[WhiteElo "2610"]
[BlackElo "2545"]
[PlyCount "23"]
[EventDate "1992.??.??"]

1. d4 Nf6 2. c4 e6 3. Nf3 b6 4. a3 Bb7 5. Nc3 d5 6. Bg5 Be7 7. Bxf6 Bxf6 8.
cxd5 exd5 9. Qa4+ Nd7 10. g3 O-O 11. Bh3 Nb8 12. O-O 1/2-1/2

[Event "BL 9192 Bochum-Empor Berlin"]
[Site "?"]
[Date "1992.??.??"]
[Round "?.3"]
[White "Volke, K."]
[Black "Schulz, KJ."]
[Result "0-1"]
[WhiteElo "2440"]
[BlackElo "2400"]
[PlyCount "60"]
[EventDate "1992.??.??"]

1. d4 d5 2. c4 dxc4 3. e3 Nf6 4. Nf3 e6 5. Bxc4 c5 6. O-O a6 7. b3 Nc6 8. Bb2
cxd4 9. Nxd4 Bd7 10. Nd2 Bc5 11. N2f3 O-O 12. Rc1 Qe7 13. Nxc6 Bxc6 14. Ne5 Be4
15. Ng4 Nd5 16. Bd3 Bxd3 17. Qxd3 Rfd8 18. Qe4 Rac8 19. Qc4 f6 20. h3 h5 21.
Bd4 Bxd4 22. Qxc8 hxg4 23. Qc4 Nxe3 24. fxe3 Bxe3+ 25. Kh1 Bxc1 26. Rxc1 gxh3
27. gxh3 Qd6 28. Re1 Qd5+ 29. Qxd5 exd5 30. Re7 d4 0-1

[Event "BL 9192 Bochum-Empor Berlin"]
[Site "?"]
[Date "1992.??.??"]
[Round "?.5"]
[White "Stern, R."]
[Black "Sonntag, H."]
[Result "1-0"]
[WhiteElo "2395"]
[BlackElo "2410"]
[PlyCount "93"]
[EventDate "1992.??.??"]

1. d4 d5 2. c4 e6 3. Nc3 Be7 4. cxd5 exd5 5. Bf4 c6 6. Qc2 Bd6 7. Bg3 Ne7 8. e3
Nf5 9. Bd3 Nxg3 10. hxg3 h6 11. Nge2 Nd7 12. O-O-O Nf6 13. Kb1 Be6 14. Nf4 Bxf4
15. gxf4 Qa5 16. Rc1 O-O-O 17. Na4 Kb8 18. Nc5 Bc8 19. Ka1 Qc7 20. b4 Qd6 21.
Qa4 Nd7 22. Rc3 b5 23. Qa5 Nxc5 24. Rxc5 Bb7 25. a4 a6 26. axb5 axb5 27. Kb2
Qc7 28. Qxc7+ Kxc7 29. Bxb5 Kd6 30. Be2 Ra8 31. Ra5 Rab8 32. Kc3 Bc8 33. Ra7
Bb7 34. g4 Kc7 35. Ra5 Kb6 36. Rha1 Rbc8 37. Ba6 Rb8 38. Bxb7 Rxb7 39. Rc5 Rhb8
40. b5 cxb5 41. Kb4 Rd8 42. Rxb5+ Kc7 43. Rxb7+ Kxb7 44. Kc5 Rd7 45. Rb1+ Kc7
46. Rb6 g6 47. f5 1-0

[Event "BL 9192 Bochum-Empor Berlin"]
[Site "?"]
[Date "1992.??.??"]
[Round "?.6"]
[White "Von Gleich, A."]
[Black "Rosenthal, D."]
[Result "1-0"]
[WhiteElo "2325"]
[BlackElo "2350"]
[PlyCount "62"]
[EventDate "1992.??.??"]

1. Nf3 Nf6 2. c4 g6 3. Nc3 Bg7 4. e4 d6 5. d4 O-O 6. Be2 e5 7. O-O Na6 8. Re1
c6 9. Rb1 Qe7 10. Bf1 h6 11. b3 Nh7 12. Ba3 Ng5 13. Nxg5 hxg5 14. c5 dxc5 15.
Bxa6 exd4 16. Na4 bxa6 17. Bxc5 Qe5 18. Bxf8 Bxf8 19. Nb2 Bd6 20. g3 c5 21. Rc1
Bh3 22. Qf3 Rd8 23. Nc4 Qe6 24. Nxd6 Rxd6 25. Rxc5 d3 26. Qe3 d2 27. Rd1 Qd7
28. Rc2 Rd3 29. Rcxd2 Rxe3 30. Rxd7 Re2 31. R7d2 Rxe4 1-0

[Event "BL 9192 Bochum-Empor Berlin"]
[Site "?"]
[Date "1992.??.??"]
[Round "?.7"]
[White "Schoene, R."]
[Black "Illner, A."]
[Result "1-0"]
[WhiteElo "2340"]
[BlackElo "2350"]
[PlyCount "135"]
[EventDate "1992.??.??"]

1. d4 f5 2. c4 Nf6 3. Nc3 g6 4. e3 Bg7 5. h4 d6 6. Be2 e5 7. h5 Nc6 8. d5 Nb8
9. Qc2 Qe7 10. Bd2 Na6 11. O-O-O Nc5 12. hxg6 hxg6 13. Rxh8+ Bxh8 14. Nh3 Nfe4
15. Be1 Bd7 16. Nb5 Bxb5 17. cxb5 a5 18. f3 Ng5 19. Nf2 e4 20. f4 Nh7 21. g4
Qf7 22. g5 Nf8 23. Bc3 Bg7 24. Kb1 Nfd7 25. Rh1 Qg8 26. Bd4 Kd8 27. Nd1 Nb6 28.
Bxc5 dxc5 29. Qxc5 Qxd5 30. Qxd5+ Nxd5 31. Bc4 Ne7 32. Rh7 Bf8 33. Nc3 c6 34.
Ne2 Kd7 35. Nd4 cxb5 36. Bxb5+ Kd6 37. Bc4 Rb8 38. a3 Nd5 39. Bxd5 Kxd5 40.
Rd7+ Kc4 41. Kc2 a4 42. Ne6 Bc5 43. Nxc5 Kxc5 44. Rg7 Rh8 45. Rxg6 Rh2+ 46. Kb1
Rh1+ 47. Ka2 Kc4 48. Rf6 Kd3 49. Rxf5 Rg1 50. Rf6 Kxe3 51. g6 Kd2 52. Rd6+ Ke2
53. f5 e3 54. f6 Rxg6 55. f7 Rxd6 56. f8=Q Rd4 57. Qc5 Kd3 58. Qb5+ Kd2 59. Qb6
Kd3 60. Qxb7 Kd2 61. Qf3 Rd3 62. Qf4 Ke1 63. Qe4 Kd2 64. Qb4+ Kd1 65. Qxa4+ Kd2
66. Qb4+ Kd1 67. Qc4 Rd2 68. Qf1+ 1-0

[Event "BL 9192 Bochum-Empor Berlin"]
[Site "?"]
[Date "1992.??.??"]
[Round "?.8"]
[White "Siebrecht, S."]
[Black "Meissner, H."]
[Result "1-0"]
[WhiteElo "2295"]
[BlackElo "2290"]
[PlyCount "73"]
[EventDate "1992.??.??"]

1. d4 Nf6 2. c4 g6 3. Nc3 Bg7 4. e4 d6 5. Be2 O-O 6. g4 Nc6 7. d5 Ne5 8. g5 Ne8
9. f4 Nd7 10. Nf3 Nc5 11. Qc2 c6 12. Be3 cxd5 13. cxd5 Bd7 14. Bxc5 dxc5 15. e5
Qa5 16. Bd3 Qb4 17. Be4 Bg4 18. a3 Qa5 19. h4 Bh5 20. Nd2 Rd8 21. Nf1 Nc7 22.
Ng3 Bg4 23. O-O c4 24. Qg2 Qc5+ 25. Rf2 b5 26. h5 a5 27. hxg6 fxg6 28. Bxg6
hxg6 29. Nge4 Qe3 30. Qxg4 b4 31. d6 exd6 32. exd6 Rxd6 33. Nxd6 bxc3 34. bxc3
Bxc3 35. Raf1 Qd4 36. Qd7 Rxf4 37. Qd8+ 1-0

[Event "BL 9293 Stadthagen-Bayern"]
[Site "?"]
[Date "1992.??.??"]
[Round "?.1"]
[White "Huebner, R."]
[Black "Sax, G."]
[Result "1/2-1/2"]
[WhiteElo "2630"]
[BlackElo "2565"]
[PlyCount "40"]
[EventDate "1992.??.??"]

1. d4 Nf6 2. Nf3 e6 3. g3 c5 4. Bg2 cxd4 5. Nxd4 a6 6. O-O Qc7 7. e4 Be7 8. b3
Nc6 9. Bb2 d6 10. Nxc6 bxc6 11. Qe2 e5 12. Nd2 O-O 13. f4 Ng4 14. Kh1 exf4 15.
gxf4 Bf6 16. Bxf6 Nxf6 17. Rae1 Bb7 18. e5 Rae8 19. Nc4 dxe5 20. fxe5 Nd7
1/2-1/2

[Event "BL 9293 Stadthagen-Bayern"]
[Site "?"]
[Date "1992.??.??"]
[Round "?.2"]
[White "Khalifman, A."]
[Black "Yusupov, A."]
[Result "1/2-1/2"]
[WhiteElo "2635"]
[BlackElo "2640"]
[PlyCount "70"]
[EventDate "1992.??.??"]

1. d4 d5 2. c4 e6 3. Nf3 Nf6 4. Bg5 Be7 5. Nc3 h6 6. Bh4 O-O 7. e3 Ne4 8. Bxe7
Qxe7 9. Rc1 Nxc3 10. Rxc3 c6 11. Bd3 dxc4 12. Bxc4 Nd7 13. O-O b6 14. Bd3 c5
15. Be4 Rb8 16. Qc2 a5 17. Rc1 Bb7 18. Bxb7 Rxb7 19. dxc5 Nxc5 20. Ne5 Qf6 21.
Nd3 Rd8 22. Nxc5 bxc5 23. Qe2 Rbd7 24. R3c2 c4 25. g3 e5 26. Kg2 e4 27. Qg4 Rd2
28. Qf4 Qe6 29. Rxc4 Re8 30. Rc6 Qxa2 31. Rc7 Rf8 32. Rc8 Rdd8 33. Rxd8 Rxd8
34. Qc7 Re8 35. Qc6 Qe6 1/2-1/2

[Event "BL 9293 Stadthagen-Bayern"]
[Site "?"]
[Date "1992.??.??"]
[Round "?.4"]
[White "Tischbierek, R."]
[Black "Bischoff, K."]
[Result "1-0"]
[WhiteElo "2495"]
[BlackElo "2510"]
[PlyCount "87"]
[EventDate "1992.??.??"]

1. e4 Nf6 2. e5 Nd5 3. d4 d6 4. Nf3 Bg4 5. Be2 e6 6. O-O Be7 7. c4 Nb6 8. Nc3
O-O 9. Be3 a5 10. exd6 cxd6 11. b3 d5 12. Ne5 Bxe2 13. Qxe2 Nc6 14. Rfd1 Re8
15. a3 Bf8 16. h3 f6 17. Nf3 Qd7 18. c5 Nc8 19. Qb2 N8e7 20. Na4 Qc7 21. Nb6
Rad8 22. b4 axb4 23. axb4 Nf5 24. Bd2 h5 25. Rac1 g5 26. b5 g4 27. hxg4 hxg4
28. Nh2 Ncxd4 29. Bc3 g3 30. Ng4 Qg7 31. Rxd4 Nxd4 32. Bxd4 Qxg4 33. c6 bxc6
34. bxc6 e5 35. c7 Rc8 36. Nxc8 Rxc8 37. Bb6 gxf2+ 38. Qxf2 Qe6 39. Rc3 d4 40.
Rg3+ Kf7 41. Ba5 Bg7 42. Qf3 Rh8 43. c8=Q Rxc8 44. Qb7+ 1-0

[Event "BL 9293 Stadthagen-Bayern"]
[Site "?"]
[Date "1992.??.??"]
[Round "?.5"]
[White "Keitlinghaus, L."]
[Black "Kindermann, S."]
[Result "1/2-1/2"]
[WhiteElo "2460"]
[BlackElo "2505"]
[PlyCount "34"]
[EventDate "1992.??.??"]

1. e4 e5 2. Nf3 Nc6 3. Bb5 Nge7 4. c3 a6 5. Bc4 d5 6. exd5 Nxd5 7. d4 exd4 8.
Nxd4 Nxd4 9. Qxd4 Qe7+ 10. Be2 Qc5 11. Qe4+ Be7 12. O-O O-O 13. Bf3 Nf6 14. Qe2
Bd6 15. Be3 Qe5 16. g3 Nd5 17. Bc1 Qxe2 1/2-1/2

[Event "BL 9293 Stadthagen-Bayern"]
[Site "?"]
[Date "1992.??.??"]
[Round "?.6"]
[White "Heissler, J."]
[Black "Boensch, U."]
[Result "0-1"]
[WhiteElo "2410"]
[BlackElo "2490"]
[PlyCount "160"]
[EventDate "1992.??.??"]

1. e4 c5 2. Nf3 e6 3. d4 cxd4 4. Nxd4 a6 5. Bd3 Nf6 6. O-O d6 7. Nc3 Be7 8. f4
O-O 9. Be3 Nbd7 10. Qf3 Nc5 11. a4 Bd7 12. e5 Ne8 13. Ne4 Nxd3 14. cxd3 Rc8 15.
Qg3 Bc6 16. Nxc6 Rxc6 17. d4 d5 18. Nc3 f5 19. Rfc1 Qd7 20. Qf3 Nc7 21. Qd1 Rc8
22. Ne2 Na8 23. b3 Nb6 24. Rxc6 Rxc6 25. Rc1 Nc8 26. Rxc6 Qxc6 27. Qc1 Na7 28.
Kf2 Bb4 29. Bd2 Qxc1 30. Bxc1 Nc6 31. Bb2 Na5 32. Nc1 Bd2 33. Nd3 Nxb3 34. Ke2
Ba5 35. Ke3 Nd2 36. Ke2 Nc4 37. Bc1 Bb6 38. Be3 Kf7 39. Bf2 Na5 40. Nc1 h6 41.
Kd3 g5 42. g3 Nc4 43. Kc2 gxf4 44. gxf4 Ba5 45. Ne2 Kg6 46. h3 Bd2 47. Kd3 Bb4
48. Kc2 Be7 49. Kc3 Kf7 50. Kc2 Ke8 51. Be1 Ne3+ 52. Kb3 Kd7 53. Nc1 Ng2 54.
Bd2 b6 55. Nd3 a5 56. Nc1 Bh4 57. Nd3 Bg3 58. Kc2 Kc6 59. Kd1 Nh4 60. Ke2 Ng6
61. Kf3 Bh4 62. Ke2 Be7 63. Kd1 b5 64. axb5+ Kxb5 65. Kc2 a4 66. Be3 Bb4 67.
Bf2 Ne7 68. Be3 Nc6 69. Bf2 Be7 70. Kc3 Nb4 71. Nc1 Bd8 72. Kb2 Bb6 73. Kc3 a3
74. Bg1 Ka4 75. Be3 Nc6 76. Nb3 Na5 77. Na1 Nc4 78. Bc1 Ba5+ 79. Kc2 Kb4 80.
Nb3 Bb6 0-1

[Event "BL 9293 Stadthagen-Bayern"]
[Site "?"]
[Date "1992.??.??"]
[Round "?.7"]
[White "Schlosser, P."]
[Black "Gauglitz, G."]
[Result "1-0"]
[WhiteElo "2500"]
[BlackElo "2435"]
[PlyCount "165"]
[EventDate "1992.??.??"]

1. c4 Nf6 2. Nf3 g6 3. g3 Bg7 4. Bg2 O-O 5. d4 c6 6. Nc3 d5 7. Qb3 dxc4 8. Qxc4
Be6 9. Qa4 h6 10. O-O Nbd7 11. Rd1 Qc8 12. Qc2 a5 13. b3 Re8 14. h3 Nb6 15. Kh2
a4 16. Ba3 Nfd7 17. e4 axb3 18. axb3 Ra5 19. Bb2 Rh5 20. Ne2 g5 21. d5 Bg4 22.
Bxg7 Kxg7 23. dxc6 Nf6 24. Nfg1 e5 25. Rac1 Be6 26. f3 g4 27. Qc5 gxf3 28. Bxf3
Bg4 29. Bxg4 Qxg4 30. Qxb6 Qxe4 31. h4 Ng4+ 32. Kh3 Ne3 33. Qxe3 Qxe3 34. c7
Qe4 35. Rd8 f5 36. Kh2 Rxh4+ 37. gxh4 Qxh4+ 38. Kg2 Rxd8 39. cxd8=Q Qxd8 40.
Nf3 e4 41. Nfd4 Qg5+ 42. Kf2 Qh4+ 43. Ke3 Qh3+ 44. Kd2 Qd3+ 45. Ke1 e3 46. Rd1
Qe4 47. Ng3 Qg2 48. Ngxf5+ Kf6 49. Nxe3 Qb2 50. Rd2 Qa1+ 51. Ke2 h5 52. Nf3
Qa6+ 53. Nc4 Ke7 54. Rd5 Qa2+ 55. Ncd2 Qa6+ 56. Kf2 Qb6+ 57. Kg3 Qc7+ 58. Re5+
Kf6 59. Ne4+ Kg6 60. Nc5 b6 61. Ne6 Qc3 62. Ned4 Qc7 63. Kh4 Qd8+ 64. Rg5+ Kf6
65. Kxh5 Qe8+ 66. Kg4 Qd7+ 67. Rf5+ Ke7 68. Kf4 Kd8 69. Ke4 Kc8 70. Kd3 Kb7 71.
b4 Qa4 72. b5 Qa3+ 73. Ke4 Qe7+ 74. Ne5 Qh7 75. Kd5 Qh1+ 76. Nef3 Qh7 77. Ke6
Qg6+ 78. Ke7 Qh6 79. Rf7 Kc8 80. Ne6 Qe3 81. Nfd4 Qe4 82. Kd6 Qd3 83. Rf8+ 1-0

[Event "BL 9293 Stadthagen-Bayern"]
[Site "?"]
[Date "1992.??.??"]
[Round "?.8"]
[White "Schirm, F."]
[Black "Stangl, M."]
[Result "0-1"]
[WhiteElo "2340"]
[BlackElo "2475"]
[PlyCount "78"]
[EventDate "1992.??.??"]

1. Nf3 c5 2. g3 b6 3. Bg2 Bb7 4. O-O Nf6 5. c4 e6 6. Nc3 Be7 7. d4 cxd4 8. Qxd4
d6 9. b3 O-O 10. Rd1 Nbd7 11. Bb2 a6 12. e4 Qc7 13. h3 Rfe8 14. Qe3 Bf8 15.
Rac1 Rac8 16. Re1 Qb8 17. Qe2 Qa8 18. Nd2 Bc6 19. a4 g6 20. Rcd1 Qb8 21. Nf3
Ba8 22. Nd4 Bg7 23. Nc2 Nc5 24. b4 Ncd7 25. Ne3 Red8 26. Rb1 Ne5 27. Red1 Qc7
28. c5 bxc5 29. bxc5 Qxc5 30. Qxa6 Bh6 31. Nf1 Nc4 32. Ba1 Bc6 33. Nb5 Ra8 34.
Bd4 Rxa6 35. Bxc5 Nxe4 36. Bxe4 Bxe4 37. Rb4 Bc2 38. Re1 Ne5 39. Be3 Nf3+ 0-1

[Event "BL 9293 Empor Berlin-München 36"]
[Site "?"]
[Date "1992.??.??"]
[Round "?.3"]
[White "Smejkal, J."]
[Black "Muse, M."]
[Result "1-0"]
[WhiteElo "2525"]
[BlackElo "2470"]
[PlyCount "66"]
[EventDate "1992.??.??"]

1. c4 Nf6 2. Nf3 g6 3. g3 Bg7 4. Bg2 O-O 5. d4 c6 6. Nc3 d6 7. O-O Qa5 8. e4
Bg4 9. h3 Bxf3 10. Bxf3 Nfd7 11. Be3 a6 12. Qb3 b5 13. Rfd1 Nb6 14. Be2 bxc4
15. Bxc4 Nxc4 16. Qxc4 Qh5 17. Kg2 Kh8 18. Rd2 Qa5 19. Rc1 Qc7 20. h4 Qb7 21.
Ne2 e6 22. h5 d5 23. Qc2 Re8 24. e5 Kg8 25. Rd3 a5 26. Rb3 Qa6 27. hxg6 fxg6
28. Nf4 a4 29. Rc3 Qb7 30. Ra3 Qb5 31. Rc3 Qb7 32. Qe2 Qf7 33. Qg4 Ra7 {
(...47.)} 1-0

[Event "BL 9293 Empor Berlin-München 36"]
[Site "?"]
[Date "1992.??.??"]
[Round "?.4"]
[White "Poldauf, D."]
[Black "Lau, R."]
[Result "1-0"]
[WhiteElo "2345"]
[BlackElo "2520"]
[PlyCount "99"]
[EventDate "1992.??.??"]

1. c4 g6 2. Nc3 Bg7 3. g3 e5 4. Bg2 f5 5. e3 Nf6 6. Nge2 O-O 7. O-O Kh8 8. d3
a5 9. b3 d6 10. Bb2 c6 11. Qd2 Na6 12. Rae1 Bd7 13. f4 Qc7 14. Kh1 Rad8 15. e4
Rfe8 16. Nd1 Nc5 17. Nf2 Bc8 18. Ng1 exf4 19. Qxf4 Rf8 20. exf5 Bxf5 21. Qd2 b6
22. Nf3 Rde8 23. Rxe8 Nxe8 24. Re1 Bxb2 25. Qxb2+ Qg7 26. d4 Nd3 27. Nxd3 Bxd3
28. Qd2 Bf5 29. Ng5 Nc7 30. Bxc6 h6 31. Ne4 Ne6 32. Nxd6 Nxd4 33. Nxf5 gxf5 34.
Bd5 f4 35. gxf4 Nf5 36. Qf2 Qd4 37. Qxd4+ Nxd4 38. Re4 Nc2 39. Re6 Rxf4 40.
Rxh6+ Kg7 41. Rxb6 Ne3 42. h3 Rf1+ 43. Kh2 Rf2+ 44. Kg3 Rxa2 45. Kf4 Nc2 46. c5
Nb4 47. Bc4 Rf2+ 48. Ke5 Rb2 49. c6 Rxb3 50. Rxb4 1-0

[Event "BL 9293 Empor Berlin-München 36"]
[Site "?"]
[Date "1992.??.??"]
[Round "?.8"]
[White "Rosenthal, D."]
[Black "Pezerovic, E."]
[Result "1/2-1/2"]
[WhiteElo "2340"]
[BlackElo "2435"]
[PlyCount "100"]
[EventDate "1992.??.??"]

1. e4 c6 2. d4 d5 3. Nc3 dxe4 4. Nxe4 Nf6 5. Nxf6+ gxf6 6. c3 Bf5 7. Bd3 Bg6 8.
Bf4 e6 9. Nf3 Nd7 10. Qe2 Nb6 11. Bd2 Qc7 12. c4 Bg7 13. O-O O-O 14. Bb4 Rfe8
15. Rad1 a5 16. Ba3 Qf4 17. b3 a4 18. Bc1 Qc7 19. Qc2 axb3 20. axb3 Red8 21.
Rfe1 Nc8 22. Be3 Ne7 23. Nh4 Bxd3 24. Rxd3 Ng6 25. Nf3 Qa5 26. Rdd1 Ne7 27. Bd2
Qf5 28. Qc3 Ng6 29. h3 e5 30. Qe3 Nf4 31. Bc1 Re8 32. dxe5 fxe5 33. Qe4 Qxe4
34. Rxe4 Ra1 35. Ree1 Rxc1 36. Rxc1 Nd3 37. Rcd1 Nxe1 38. Nxe1 Ra8 39. Nd3 Rd8
40. Nb2 Rxd1+ 41. Nxd1 Bh6 42. g4 Kg7 43. Nc3 Kg6 44. Ne4 Bf8 45. Kg2 h5 46.
Ng3 hxg4 47. hxg4 b5 48. cxb5 cxb5 49. Kf3 Bc5 50. Ne4 Bb4 1/2-1/2

[Event "BL 9293 Bayern-Empor Berlin"]
[Site "?"]
[Date "1992.??.??"]
[Round "?.3"]
[White "Muse, M."]
[Black "Ribli, Z."]
[Result "1/2-1/2"]
[WhiteElo "2470"]
[BlackElo "2610"]
[PlyCount "54"]
[EventDate "1992.??.??"]

1. d4 Nf6 2. Nf3 d5 3. c4 e6 4. Nc3 dxc4 5. e3 a6 6. Bxc4 c5 7. O-O b5 8. Be2
Bb7 9. dxc5 Bxc5 10. Qxd8+ Kxd8 11. b3 Nbd7 12. Bb2 Ke7 13. Rfd1 Rhc8 14. a4 b4
15. Nb1 a5 16. Nbd2 Ne8 17. Bb5 f6 18. Nc4 Nd6 19. Nxd6 Bxd6 20. Rxd6 Kxd6 21.
Rd1+ Bd5 22. e4 Rc2 23. exd5 Rxb2 24. dxe6+ Kxe6 25. Bxd7+ Ke7 26. Bb5 Rxb3 27.
h4 Rc3 1/2-1/2

[Event "BL 9293 Bayern-Empor Berlin"]
[Site "?"]
[Date "1992.??.??"]
[Round "?.4"]
[White "Bischoff, K."]
[Black "Poldauf, D."]
[Result "1/2-1/2"]
[WhiteElo "2510"]
[BlackElo "2345"]
[PlyCount "71"]
[EventDate "1992.??.??"]

1. d4 Nf6 2. c4 g6 3. Nc3 Bg7 4. e4 d6 5. f3 O-O 6. Be3 e5 7. Nge2 c6 8. Qd2
Nbd7 9. d5 cxd5 10. cxd5 a6 11. Ng3 h5 12. Bd3 Nh7 13. O-O-O Bf6 14. Nge2 Bg5
15. Bxg5 Qxg5 16. h4 Qxd2+ 17. Kxd2 Nhf6 18. Rc1 Rd8 19. a3 Kf8 20. b4 Ke7 21.
Rc2 Nb6 22. Nc1 Bd7 23. Nb3 Rdc8 24. Na5 Rc7 25. Rhc1 Kd8 26. Nd1 Rac8 27. Ne3
Rxc2+ 28. Rxc2 Rxc2+ 29. Kxc2 Kc7 30. Kd2 Nc8 31. g3 Na7 32. Nac4 Nb5 33. Nc2
Na7 34. N2e3 Nb5 35. Nc2 Na7 36. N2e3 1/2-1/2